Nations to go unbeaten at the European Championship - Statistics

General Stats
  • This quiz has been taken 15 times
  • The average score is 27 of 31
Answer Stats
Tournament Record Nation % Correct
1996 W2 D3 L0 England
100%
2012 W2 D2 L0 England
100%
2020 W5 D2 L0 England
100%
1996 W4 D2 L0 Germany
100%
2016 W3 D4 L0 Portugal
100%
1964 W2 D0 L0 Spain
100%
1996 W2 D2 L0 Spain
100%
2008 W5 D1 L0 Spain
100%
2012 W4 D2 L0 Spain
100%
2020 W2 D4 L0 Spain
100%
2024 W7 D0 L0 Spain
100%
1984 W5 D0 L0 France
89%
1996 W2 D3 L0 France
89%
2020 W1 D3 L0 France
89%
1968 W2 D0 L0 Italy
89%
1980 W1 D3 L0 Italy
89%
2004 W1 D2 L0 Italy
89%
2020 W5 D2 L0 Italy
89%
1992 W2 D2 L0 Netherlands
89%
2000 W4 D1 L0 Netherlands
89%
1960 W2 D0 L0 Soviet Union
89%
2004 W1 D3 L0 Sweden
89%
1976 W1 D1 L0 Czechoslovakia
78%
2016 W1 D3 L0 Switzerland
78%
2024 W2 D3 L0 Switzerland
78%
1972 W2 D0 L0 West Germany
78%
1976 W1 D1 L0 West Germany
78%
1980 W3 D1 L0 West Germany
78%
2008 W3 D1 L0 Croatia
67%
2016 W2 D3 L0 Poland
67%
2024 W0 D4 L0 Slovenia
44%
No matching quizzes found
Score Distribution
Percent of People with Each Score
Percentile by Number Answered
Your Score History
You have not taken this quiz